| 000 | 00811nam a22001697a 4500 | ||
|---|---|---|---|
| 999 |
_c59628 _d59628 |
||
| 003 | Ge_BSU | ||
| 005 | 20230324094857.0 | ||
| 008 | 230324c2022 ge ||||| |||| 00| 0 geo d | ||
| 022 | _a2720-8273 | ||
| 041 | _ageo | ||
| 245 |
_aთეთრი ხიდი / _cქუთაისის ილია ჭავჭავაძის სახელობის საჯარო ბიბლიოთეკის ჟურნალი; მთავარი რედაქტორი იოსებ იარღანაშვილი. |
||
| 260 |
_aქუთაისი, _c2022- |
||
| 300 |
_a84 გვ.; _b29 სმ. |
||
| 653 | _aპერიოდიკა | ||
| 700 |
_aიარღანაშვილი, იოსებ _eმთავარი რედაქტორი. _917240 |
||
| 942 |
_2udc _cCR |
||